000 002700000a22000970004500
100 1 _aZevit, Ziony
245 1 0 _aYahweh worship and worshippers in 8th-Century Syria
300 _aVol. 41, Num. 3 (Julio, 1991), Páginas 363-366
773 0 _tVetus Testamentum
942 _cANA
999 _c57681
_d57681